Statistics for Chris Hemsworth Filmography

Click here to take the quiz!

General Stats

  • This quiz has been taken 393 times
    (73 since last reset)
  • The average score is 24 of 57

Answer Stats

TypeYearName% Correct
Film2011Thor
100%
Film2019Avengers: Endgame
97%
Film2018Avengers: Infinity War
97%
Film2012Marvel's The Avengers
95%
Film2022Thor: Love and Thunder
94%
Film2013Thor: The Dark World
94%
Film2015Avengers: Age of Ultron
92%
Film2017Thor: Ragnarok
92%
Film2020Extraction
73%
Film2023Extraction II
71%
Video Game2016Ghostbusters
60%
Film2016Ghostbusters
60%
TV Show2015Saturday Night Live
56%
Film2013Rush
51%
Film2012The Cabin in the Woods
51%
Film2019Men in Black: International
48%
Film2009Star Trek
48%
Film2015In the Heart of the Sea
44%
Film2016Doctor Strange
43%
Web Series2021Loki
43%
Film2012Snow White and the Huntsman
43%
TV Show2002Neighbours
41%
Film2018Bad Times at the El Royale
40%
Film2015Blackhat
40%
Film2015Vacation
40%
TV Show2004-2007Home and Away
38%
Film2022Spiderhead
38%
Web Series2021What If...?
37%
Film201812 Strong
35%
Film2016The Huntsman: Winter's War
35%
Film2024Furiosa
33%
Documentary Series2022Limitless
33%
Film2027Avengers: Secret Wars
32%
TV Show2006Dancing with the Stars
30%
Short Film2016Team Thor
30%
Short Film2017Team Thor: Part 2
30%
Film2012Red Dawn
29%
Film2013Star Trek Into Darkness
27%
Film2024Transformers One
27%
Film2022Interceptor
25%
Film2009A Perfect Getaway
24%
Film2010Ca$h
24%
TV Documentary2021Shark Beach with Chris Hemsworth
24%
TV Show2004Fergus McPhail
22%
TV Show2002Guinevere Jones
22%
TV Show2003The Saddle Club
22%
Commercial2017BOSS
21%
Web Mini-Series2020James and the Giant Peach with Taika and Friends
21%
TV Show2002Marshall Law
21%
Video Game2011Thor: God of Thunder
21%
Short Film2011Talk About It!
17%
Short Film2018Tourism Australia: Dundee - The Son of a Legend Returns Home
17%
TV Show2022CBeebies Bedtime Story
14%
Commercial2022GEICO
8%
FilmTBAMad Max: The Wasteland
6%
Commercial2015Audi TTS
3%
Short Film2010Ollie Klublershturf vs. the Nazis
3%

Score Distribution

Percentile by Number Answered

Percent of People with Each Score

Your Score History

You have not taken this quiz since the last reset